UBT Library

The performance edge : (Record no. 39840)

000 -LEADER
fixed length control field 00794pam a2200229 a 4500
001 - CONTROL NUMBER
control field 2471779
005 - DATE AND TIME OF LATEST TRANSACTION
control field 20180109035051.0
008 - FIXED-LENGTH DATA ELEMENTS--GENERAL INFORMATION
fixed length control field 900912s1991 mau b 001 0 eng
010 ## - LIBRARY OF CONGRESS CONTROL NUMBER
LC control number 90049161
020 ## - INTERNATIONAL STANDARD BOOK NUMBER
International Standard Book Number 0395533384 :
Terms of availability $19.95
040 ## - CATALOGING SOURCE
Original cataloging agency DLC
Transcribing agency DLC
Modifying agency DLC
041 ## - LANGUAGE CODE
Language code of text/sound track or separate title eng
080 ## - UNIVERSAL DECIMAL CLASSIFICATION NUMBER
Universal Decimal Classification number 650.1
082 00 - DEWEY DECIMAL CLASSIFICATION NUMBER
Classification number 650.1 COO
Edition number 20
100 1# - Rafti
Rafti 54
101 ## - Shkurtesa
Shkurtesa LID
245 14 - TITLE STATEMENT
Title The performance edge :
Statement of responsibility, etc Robert K. Cooper.
504 ## - BIBLIOGRAPHY, ETC. NOTE
Bibliography, etc Includes bibliographical references (p. 285-316) and index.
906 ## - LOCAL DATA ELEMENT F, LDF (RLIN)
a 7
b cbc
c orignew
d 1
e ocip
f 19
g y-gencatlg
942 ## - ADDED ENTRY ELEMENTS (KOHA)
Source of classification or shelving scheme
Item type Books
Holdings
Withdrawn status Lost status Source of classification or shelving scheme Damaged status Not for loan Collection code Permanent location Current location Shelving location Date acquired Total Checkouts Full call number Barcode Date last seen Price effective from Koha item type
          Koleksioni i përgjithshem UBT - Lipjan UBT - Lipjan Koleksioni Referal 01/09/2018   650.1 COO 002-2995224 01/09/2018 01/09/2018 Books
UBT Library © 2015-2024. All rights reserved University Education for Business and Technology